1850 exercices de mathematiques : pour l'oral du CAPES de mathematiques et des concours des Grandes ecoles

Αποθηκεύτηκε σε:
Λεπτομέρειες βιβλιογραφικής εγγραφής
Κύριος συγγραφέας: Moisotte, Luc
Μορφή: Βιβλίο
Γλώσσα:French
Δημοσίευση: Paris : Dunod, 1978
Θέματα:
Ετικέτες: Προσθήκη ετικέτας
Δεν υπάρχουν, Καταχωρήστε ετικέτα πρώτοι!

MARC

LEADER 00000cam a2200000 a 4500
001 1/106456
008 150521s1978####fr | ||| |||| ||fre||
020 |a 2040102930  
040 |a GR-MyUa  |b gre  |c GR-MyUa  |e AACR2 
041 0 |a fre 
082 7 |a 510.76   |2 (23) 
100 1 |a Moisotte, Luc. 
245 1 4 |a 1850 exercices de mathematiques :   |b pour l'oral du CAPES de mathematiques et des concours des Grandes ecoles /   |c reunis par Luc Moisotte.  
260 |a Paris :   |b Dunod,   |c 1978  
300 |a x, 158 σ. ;   |c 24 εκ.  
650 0 |a Mathematics  |x Problems, exercises, etc. 
852 |a INST  |b SAMOS  |c MAG  |e 20150521  |h 510.76 MOI  |p 005300034835  |q 005300034835  |t BK  |y 0 
970 |a Σιτζίμη   |b Γιασεμή   |z 2015/05/21